Teachings of the Baha`i Faith. (Record no. 1173)

MARC details
000 -LEADER
fixed length control field 00734nam a2200241 a 4500
020 ## - INTERNATIONAL STANDARD BOOK NUMBER
ISBN
082 00 - DEWEY DECIMAL CLASSIFICATION NUMBER
Classification number 297.93
Author Cutter NSA1
100 ## - MAIN ENTRY--AUTHOR NAME
Author name National Spiritual Assembly, Of The Baha`is Of In
245 ## - TITLE STATEMENT
Title Teachings of the Baha`i Faith.
260 ## - PUBLICATION, DISTRIBUTION, ETC. (IMPRINT)
Place of publication New Delhi
Name of publisher National Spiritual Assembly of the Baha`
Year of publication 1921
300 ## - PHYSICAL DESCRIPTION
Number of Pages 7p
500 ## - GENERAL NOTE
General note includes index and biblioraphy
505 2# - FORMATTED CONTENTS NOTE
Formatted contents note united nations conference on trade and development.Feb 1 to march 25 1968.
650 ## - SUBJECT ADDED ENTRY--TOPICAL TERM
Topical Term Bahai Faith
942 ## - ADDED ENTRY ELEMENTS (KOHA)
Koha item type Books
700 1# -
-- National Spiritual Assembly, Of The Baha`is Of In
Holdings
Collection code Home library Current library Date acquired Cost, normal purchase price Full call number Accession Number Koha item type
  Henry Martyn Institute Library Henry Martyn Institute Library 07/02/2007 100.00 297.93 NSA1 03495 Books
                   Copyright © 2026 | Henry Martyn Institute | Hyderabad | TS-500052 | INDIA | Implemented by hmi.edu.in
Hit-Count:

Powered by Koha